[Event "Paris-ch op-A 89th"]
[Site "Paris"]
[Date "2014.07.05"]
[Round "1"]
[White "Laurent, Julien G"]
[Black "Chaillot, Alain"]
[Result "1-0"]
[WhiteElo "2286"]
[BlackElo "1976"]
[PlyCount "84"]
[EventDate "2014.07.05"]
[EventType "swiss"]
[EventRounds "9"]
[EventCountry "FRA"]
[SourceTitle "EXT 2016"]
[Source "ChessBase"]
[SourceDate "2015.10.08"]
[SourceVersion "1"]
[SourceVersionDate "2015.10.08"]
[SourceQuality "1"]

1. Nf3 Nf6 2. c4 c6 3. g3 g6 4. Bg2 Bg7 5. 0-0 0-0 6. d4 Na6 7. Nc3 d5 8. Ne5 Nc7 9. e4 dxe4 10. Nxe4 Nxe4 11. Bxe4 Ne8 12. b3 f6 13. Nf3 Bg4 14. Bc2 f5 15. Ba3 f4 16. h3 Bxf3 17. Qxf3 fxg3 18. Qxg3 Nd6 19. Rad1 Qa5 20. b4 Qa6 21. c5 Nf5 22. Qb3+ Kh8 23. Bd3 b5 24. Bxf5 Rxf5 25. d5 Raf8 26. d6 exd6 27. cxd6 Qb6 28. d7 Qd8 29. Rd3 R5f7 30. Qe6 Rf6 31. Qe2 R6f7 32. Rfd1 Qg5+ 33. Qg4 Qd8 34. R1d2 Bh6 35. Re2 Bg7 36. Bc1 Bf6 37. Bh6 Bg7 38. Bxg7+ Kxg7 39. Qd4+ Kg8 40. Kf1 Rf5 41. Qxa7 Qf6 42. Qd4 Rd8 1-0

[Event "Montigny le Bretonneux Noel op 14th"]
[Site "Montigny le Bretonneux"]
[Date "2011.12.31"]
[Round "7.3"]
[White "Gidel, Jean Louis"]
[Black "Chaillot, Alain"]
[Result "0-1"]
[WhiteElo "2147"]
[BlackElo "2060"]
[PlyCount "154"]
[EventDate "2011.12.26"]
[EventType "swiss"]
[EventRounds "7"]
[EventCountry "FRA"]
[SourceTitle "EXT 2014"]
[Source "ChessBase"]
[SourceDate "2013.11.20"]
[SourceVersion "1"]
[SourceVersionDate "2013.11.20"]
[SourceQuality "1"]

1. e4 Nc6 2. Nf3 d6 3. d4 Nf6 4. Nc3 Bg4 5. Be3 e6 6. h3 Bh5 7. d5 exd5 8. exd5 Nb8 9. Qe2 Be7 10. Qb5+ Nbd7 11. Qxb7 0-0 12. g4 Bg6 13. 0-0-0 Ne4 14. Nxe4 Bxe4 15. Bg2 Bf6 16. Qa6 Bxf3 17. Bxf3 Bxb2+ 18. Kxb2 Qf6+ 19. Bd4 Qxf3 20. Qa4 Nb6 21. Bxb6 axb6 22. Qb3 Qxf2 23. Rhf1 Qc5 24. Rf4 Ra7 25. Ra4 Rfa8 26. Rdd4 g6 27. Rac4 Qa5 28. a4 Re8 29. Re4 Rxe4 30. Rxe4 Qc5 31. Qf3 Ra8 32. Rf4 Rf8 33. g5 b5 34. axb5 Qxb5+ 35. Qb3 Qc5 36. h4 Ra8 37. Rb4 Ra5 38. Rb8+ Kg7 39. c4 Qd4+ 40. Kc2 Ra1 41. Qb2 Rd1 42. Qxd4+ Rxd4 43. Kc3 Rxh4 44. Rc8 Rg4 45. Rxc7 Rxg5 46. Rd7 h5 47. Rxd6 h4 48. Ra6 h3 49. Ra1 h2 50. Rh1 Rg2 51. c5 Kf6 52. c6 Ke7 53. c7 Kd7 54. d6 g5 55. Rb1 Rg1 56. Rb8 Kxd6 57. Rh8 Kxc7 58. Rxh2 Kd6 59. Kd2 Ke5 60. Re2+ Kf5 61. Rf2+ Kg6 62. Ke2 Ra1 63. Kf3 Ra3+ 64. Kg2 f5 65. Kh2 f4 66. Kg2 Kf5 67. Rb2 Kg4 68. Kf2 Rh3 69. Rb5 Rh2+ 70. Kg1 Ra2 71. Kf1 Kh3 72. Rf5 Kg4 73. Rb5 f3 74. Kg1 Kh3 75. Rc5 g4 76. Rc1 Kg3 77. Rb1 Rg2+ 0-1

[Event "Evry op"]
[Site "Evry"]
[Date "2007.10.31"]
[Round "1"]
[White "Fremaux, Guillaume"]
[Black "Chaillot, Alain"]
[Result "0-1"]
[WhiteElo "1680"]
[BlackElo "2083"]
[PlyCount "60"]
[EventDate "2007.10.31"]
[EventType "swiss"]
[EventRounds "9"]
[EventCountry "FRA"]
[SourceTitle "EXT 2009"]
[Source "ChessBase"]
[SourceDate "2008.11.26"]
[SourceVersion "1"]
[SourceVersionDate "2008.11.26"]
[SourceQuality "1"]

1. e4 Nc6 2. Nf3 d6 3. d4 Nf6 4. Nc3 Bg4 5. Bb5 a6 6. Ba4 b5 7. Nxb5 axb5 8. Bxb5 Bd7 9. Bd3 e5 10. c3 Be7 11. 0-0 0-0 12. d5 Nb8 13. Nd2 Bg4 14. Qe1 Bc8 15. f4 exf4 16. Rxf4 Nbd7 17. Be2 Ne5 18. h3 Nfd7 19. Nf3 Nxf3+ 20. Rxf3 Ne5 21. Rf1 Bg5 22. a3 Ba6 23. b4 Bxc1 24. Bxa6 Bb2 25. Ra2 Bxc3 26. Qxc3 Rxa6 27. Rc1 c6 28. Qd2 cxd5 29. exd5 h6 30. b5 Qb6+ 0-1

[Event "FRA-ch op-A"]
[Site "Chartres"]
[Date "2005.??.??"]
[Round "8"]
[White "Chaillot, Alain"]
[Black "Fischer, Marc"]
[Result "0-1"]
[WhiteElo "2109"]
[BlackElo "2136"]
[PlyCount "80"]
[EventDate "2005.08.15"]
[EventType "swiss"]
[EventRounds "11"]
[EventCountry "FRA"]
[SourceTitle "EXT 2006"]
[Source "ChessBase"]
[SourceDate "2005.11.24"]
[SourceVersion "1"]
[SourceVersionDate "2005.11.24"]
[SourceQuality "1"]

1. c4 e5 2. Nc3 Nf6 3. e4 Bb4 4. Nge2 c6 5. Qb3 Na6 6. Ng3 0-0 7. Be2 Bxc3 8. dxc3 Nc5 9. Qc2 d5 10. cxd5 cxd5 11. exd5 Qxd5 12. 0-0 Bg4 13. Rd1 Qe6 14. f3 Bh5 15. Nxh5 Nxh5 16. Be3 Qc6 17. Bf1 Nf6 18. Qf2 b6 19. Qg3 e4 20. Bd4 exf3 21. gxf3 Nh5 22. Qg4 Nf6 23. Qg5 Ne6 24. Qh4 Nxd4 25. Qxd4 Rac8 26. Rd3 Qb5 27. Rd2 Qf5 28. Rg2 Qxf3 29. Be2 Qd5 30. Qh4 Ne8 31. Rd1 Qc5+ 32. Rd4 g6 33. Rg3 Ng7 34. Bg4 Rce8 35. b4 Qe5 36. Qh6 Qe1+ 37. Kg2 Re2+ 38. Kh3 Qf1+ 39. Kh4 Rxh2+ 40. Rh3 Qf2+ 0-1

[Event "FRA-ch op-A"]
[Site "Chartres"]
[Date "2005.??.??"]
[Round "5"]
[White "Laval, Brice"]
[Black "Chaillot, Alain"]
[Result "1-0"]
[WhiteElo "2178"]
[BlackElo "2109"]
[PlyCount "28"]
[EventDate "2005.08.15"]
[EventType "swiss"]
[EventRounds "11"]
[EventCountry "FRA"]
[SourceTitle "EXT 2006"]
[Source "ChessBase"]
[SourceDate "2005.11.24"]
[SourceVersion "1"]
[SourceVersionDate "2005.11.24"]
[SourceQuality "1"]

1. e4 Nc6 2. Nc3 Nf6 3. d4 d5 4. e5 Ne4 5. Nxe4 dxe4 6. c3 Bf5 7. Ne2 e6 8. Ng3 Be7 9. Bb5 0-0 10. Qe2 Qd5 11. Bc4 Qa5 12. 0-0 Rad8 13. b4 Qa4 14. Bb5 Nxd4 1-0

[Event "Syre Memorial op 25th"]
[Site "Issy les Moulineaux"]
[Date "2002.05.09"]
[Round "3"]
[White "Vorobyov, Yrij"]
[Black "Chaillot, Alain"]
[Result "1-0"]
[WhiteElo "2336"]
[BlackElo "2171"]
[PlyCount "79"]
[EventDate "2002.05.08"]
[EventType "swiss"]
[EventRounds "7"]
[EventCountry "FRA"]
[SourceTitle "EXT 2004"]
[Source "ChessBase"]
[SourceDate "2003.11.25"]
[SourceVersion "1"]
[SourceVersionDate "2003.11.25"]
[SourceQuality "1"]

1. c4 Nf6 2. Nc3 g6 3. e4 d6 4. d4 Bg7 5. f3 Nbd7 6. Bg5 c5 7. d5 Qb6 8. Qd2 h6 9. Be3 Ne5 10. g4 a6 11. Na4 Qc7 12. Nc3 Qb6 13. Qc2 Nfd7 14. h3 g5 15. h4 gxh4 16. Rxh4 Ng6 17. Rh1 Nde5 18. Qb3 Qc7 19. Be2 Rb8 20. a4 Bd7 21. Kf2 Qc8 22. Kg3 Kf8 23. Nh3 h5 24. gxh5 Rxh5 25. Nf2 Rxh1 26. Rxh1 b5 27. axb5 axb5 28. cxb5 c4 29. Qb4 Bxb5 30. Nxb5 Qd7 31. Ra1 Bf6 32. Ra5 Bh4+ 33. Kg2 Bxf2 34. Kxf2 Qh3 35. Qc3 Nh4 36. Nd4 Qh2+ 37. Ke1 Nd3+ 38. Bxd3 cxd3 39. Ne6+ fxe6 40. Bh6+ 1-0